Detalles MARC
| 000 -CABECERA |
| campo de control de longitud fija |
02317nam a2200217 a 4500 |
| 001 - NÚMERO DE CONTROL |
| campo de control |
000032088 |
| 005 - FECHA Y HORA DE LA ÚLTIMA TRANSACCIÓN |
| campo de control |
20260312134858.0 |
| 008 - DATOS DE LONGITUD FIJA--INFORMACIÓN GENERAL |
| campo de control de longitud fija |
110119s1888 dr 000 0 spa d |
| 040 ## - FUENTE DE LA CATALOGACIÓN |
| Centro catalogador/agencia de origen |
DO-SdBNP |
| Lengua de catalogación |
spa |
| Centro/agencia transcriptor |
BNPHU |
| 082 ## - NÚMERO DE LA CLASIFICACIÓN DECIMAL DEWEY |
| Número de clasificación |
177 |
| Número de documento/Ítem |
H831m,1888 |
| 100 1# - ENTRADA PRINCIPAL--NOMBRE DE PERSONA |
| Nombre de persona |
Hostos, Eugenio María de, |
| Fechas asociadas al nombre |
1839-1903 |
| 9 (RLIN) |
1352 |
| 245 10 - MENCIÓN DE TÍTULO |
| Título |
Moral social / |
| Mención de responsabilidad, etc. |
Eugenio María de Hostos. |
| 260 ## - PUBLICACIÓN, DISTRIBUCIÓN, ETC. |
| Lugar de publicación, distribución, etc. |
Santo Domingo : |
| Nombre del editor, distribuidor, etc. |
La Sociedad de Enseñanza de Santo Domingo, |
| Fecha de publicación, distribución, etc. |
1888. |
| 300 ## - DESCRIPCIÓN FÍSICA |
| Extensión |
262 p. ; |
| Dimensiones |
18 cm. |
| 500 ## - NOTA GENERAL |
| Nota general |
Título tomado de la cubierta |
| 504 ## - NOTA DE BIBLIOGRAFÍA, ETC. |
| Nota de bibliografía, etc. |
Incluye referencias bibliográficas y notas al pie de las páginas. |
| 505 0# - NOTA DE CONTENIDO CON FORMATO |
| Título |
Relaciones y deberes -- |
| -- |
La sociedad y sus órganos -- |
| -- |
Objetivo de la moral social. ¿En qué se funda? -- |
| -- |
Exposición de las relaciones -- |
| -- |
Clasificación de relaciones -- |
| -- |
Análisis de las relaciones del hombre con la sociedad; relación de necesidad -- |
| -- |
Segunda relación -- |
| -- |
Relación de gratitud -- |
| -- |
Tercera relación -- |
| -- |
Relación de utilidad -- |
| -- |
Cuarta relación -- |
| -- |
Relación de derecho -- |
| -- |
Quinta relación -- |
| -- |
Relación del deber -- |
| -- |
Del deber y su función en la economía moral del mundo -- |
| -- |
En qué se fundan los deberes sociales -- |
| -- |
Deberes derivados de nuestras relaciones con la sociedad -- |
| -- |
El deber del trabajo -- |
| -- |
Sus modificaciones en los diversos grupos sociales -- |
| -- |
Deber de obediencia y sus modificaciones -- |
| -- |
Por qué no se dá su nombre a los deberes derivados de la relación de utilidad -- |
| -- |
Cooperación -- |
| -- |
Unión -- |
| -- |
Abnegación -- |
| -- |
Conciliación -- |
| -- |
Deberes deducidos de la relación de derecho -- |
| -- |
El derecho armado -- |
| -- |
Deberes que imponen -- |
| -- |
El deber de los deberes -- |
| -- |
Los conflictos del deber -- |
| -- |
La regla de los conflictos -- |
| -- |
Deberes complementarios -- |
| -- |
Deberes complemetarios -- |
| -- |
La moral y las actividades de la vida -- |
| -- |
Enlace de la moral con la política -- |
| -- |
La moral social y los profesionales -- |
| -- |
La moral y la escuela -- |
| -- |
La moral y la iglesia católica -- |
| -- |
La moral y el protestantismo -- |
| -- |
La moral y las religiones filosóficas -- |
| -- |
La moral y la ciencia -- |
| -- |
La moral y el arte -- |
| -- |
La moral y la literatura -- |
| -- |
La dramática -- |
| -- |
La moral y la historia -- |
| -- |
La moral y el periodismo -- |
| -- |
La moral y la industria -- |
| -- |
La moral y el tiempo. |
| 590 ## - NOTA LOCAL (RLIN) |
| Nota local |
Inventariado, 2019/VM |
| 650 #0 - PUNTO DE ACCESO ADICIONAL DE MATERIA--TÉRMINO DE MATERIA |
| Término de materia o nombre geográfico como elemento de entrada |
Ética social |
| 9 (RLIN) |
1353 |
| 910 ## - DATOS DE OPCIÓN DEL USUARIO (OCLC) |
| Datos de opción del usuario |
Validado. Control de calidad BNPHU |